[Event "ROM-ch U18"]
[Site "Calimanesti"]
[Date "2014.04.11"]
[Round "7"]
[White "Szijarto, Norbert Ludwig"]
[Black "Pricopie, Stefan"]
[Result "0-1"]
[WhiteElo "1720"]
[BlackElo "1679"]
[PlyCount "100"]
[EventDate "2014.04.06"]
[EventType "swiss"]
[EventRounds "9"]
[EventCountry "ROU"]
[SourceTitle "CBM 160 Extra"]
[Source "ChessBase"]
[SourceDate "2014.07.01"]
[SourceVersion "1"]
[SourceVersionDate "2014.07.01"]
[SourceQuality "1"]

1. e4 c6 2. d4 d5 3. Nc3 dxe4 4. Nxe4 Nf6 5. Ng3 g6 6. h3 Bg7 7. Nf3 0-0 8. c4 b5 9. Bd2 bxc4 10. Bxc4 Nd5 11. Bc3 Nxc3 12. bxc3 Qa5 13. Qb3 e6 14. 0-0 Nd7 15. Rab1 Nb6 16. Bd3 Ba6 17. Bxa6 Qxa6 18. Ne4 Qc8 19. Ne5 c5 20. dxc5 Bxe5 21. cxb6 axb6 22. Rfd1 Qc6 23. f3 Qa4 24. Qxa4 Rxa4 25. Rxb6 Rc8 26. Rd2 Bxc3 27. Nxc3 Rxc3 28. Kf2 Rca3 29. Rbb2 Kg7 30. Ke1 Kf6 31. Kd1 e5 32. Kc1 Kf5 33. Kb1 Kf4 34. Rb3 f5 35. Rxa3 Rxa3 36. Kb2 Ra7 37. Kc3 g5 38. Re2 h5 39. Kc4 Rd7 40. a4 Rd4+ 41. Kb5 e4 42. fxe4 fxe4 43. a5 e3 44. a6 Ke4 45. a7 Rd8 46. Kc6 Kd3 47. Rb2 Ra8 48. Kb7 Rxa7+ 49. Kxa7 e2 50. Rb5 e1Q 0-1

[Event "ROM-ch U18"]
[Site "Calimanesti"]
[Date "2014.04.07"]
[Round "2"]
[White "Mirosnicencu, Claudiu Florin"]
[Black "Szijarto, Norbert Ludwig"]
[Result "0-1"]
[WhiteElo "1380"]
[BlackElo "1720"]
[PlyCount "72"]
[EventDate "2014.04.06"]
[EventType "swiss"]
[EventRounds "9"]
[EventCountry "ROU"]
[SourceTitle "CBM 160 Extra"]
[Source "ChessBase"]
[SourceDate "2014.07.01"]
[SourceVersion "1"]
[SourceVersionDate "2014.07.01"]
[SourceQuality "1"]

1. c4 Nf6 2. g3 e5 3. Nc3 d5 4. cxd5 Nxd5 5. Bg2 Be6 6. e3 Nc6 7. Nge2 Qd7 8. 0-0 0-0-0 9. d4 exd4 10. Nxd4 Nxc3 11. bxc3 Bd5 12. Bd2 Bxg2 13. Kxg2 Ne5 14. Kg1 c5 15. Nb3 Qc6 16. f4 Nc4 17. Qe2 Qe4 18. Rad1 Rd3 19. Rf3 Be7 20. Bc1 Rxc3 21. Nd2 Nxd2 22. Bxd2 Rc2 23. Rf2 f5 24. Qf3 Qxf3 25. Rxf3 Rd8 26. Rf2 c4 27. Rc1 Rcxd2 28. Rxc4+ Kb8 29. Rxd2 Rxd2 30. a4 b6 31. h3 Bc5 32. Rc3 Ra2 33. Kf1 Rxa4 34. Ke2 Ra3 35. Rc2 Rxe3+ 36. Kf1 Rxg3 0-1

[Event "ROM-ch U18"]
[Site "Calimanesti"]
[Date "2013.04.06"]
[Round "7"]
[White "Szijarto, Norbert Ludwig"]
[Black "Chiru, Alexandru"]
[Result "0-1"]
[WhiteElo "1650"]
[BlackElo "1876"]
[PlyCount "108"]
[EventDate "2013.04.02"]
[EventType "swiss"]
[EventRounds "9"]
[EventCountry "ROU"]
[SourceTitle "CBM 153 Extra"]
[Source "ChessBase"]
[SourceDate "2013.04.22"]
[SourceVersion "1"]
[SourceVersionDate "2013.04.22"]
[SourceQuality "1"]

1. e4 Nf6 2. Nc3 d6 3. d4 g6 4. Bc4 c6 5. Nge2 b5 6. Bb3 b4 7. Na4 Nxe4 8. c3 bxc3 9. Naxc3 Nf6 10. 0-0 Bg7 11. Bg5 0-0 12. Qd2 Ba6 13. Rfe1 Nbd7 14. Ng3 Re8 15. Bh6 Qa5 16. Bxg7 Kxg7 17. d5 cxd5 18. Bxd5 Rac8 19. Bb3 Bb7 20. Qe3 Qc5 21. Qf4 Ne5 22. Rad1 a5 23. h3 Red8 24. Nce4 Bxe4 25. Nxe4 Nxe4 26. Rxe4 e6 27. h4 h5 28. Re2 Qb4 29. Qg3 Qg4 30. Qxg4 Nxg4 31. g3 d5 32. Red2 Rc5 33. Kg2 Rdc8 34. Re1 Nf6 35. f3 Nd7 36. Ree2 Nb6 37. a3 Kf6 38. f4 Ke7 39. Kf3 Kd6 40. g4 hxg4+ 41. Kxg4 Nd7 42. Rc2 Rxc2 43. Rxc2 Rxc2 44. Bxc2 Nf6+ 45. Kf3 Kc5 46. Ke3 Kc4 47. Ba4 d4+ 48. Kd2 Nh5 49. Be8 Nxf4 50. Bxf7 Kb3 51. Kc1 d3 52. Bg8 Kc4 53. Kd2 Kd4 54. Bf7 e5 0-1

[Event "ROM-ch U18"]
[Site "Calimanesti"]
[Date "2013.04.04"]
[Round "4"]
[White "Bogdan, Horia Daniel"]
[Black "Szijarto, Norbert Ludwig"]
[Result "0-1"]
[WhiteElo "1898"]
[BlackElo "1650"]
[PlyCount "110"]
[EventDate "2013.04.02"]
[EventType "swiss"]
[EventRounds "9"]
[EventCountry "ROU"]
[SourceTitle "CBM 153 Extra"]
[Source "ChessBase"]
[SourceDate "2013.04.22"]
[SourceVersion "1"]
[SourceVersionDate "2013.04.22"]
[SourceQuality "1"]

1. d4 Nf6 2. Bg5 e6 3. e4 h6 4. Bxf6 Qxf6 5. c3 c5 6. e5 Qd8 7. Bd3 cxd4 8. cxd4 Qb6 9. Qc2 Nc6 10. Nc3 Nxd4 11. Qd2 Bb4 12. Nge2 Nxe2 13. Bxe2 Qc5 14. f4 d5 15. exd6 Qxd6 16. Qxd6 Bxd6 17. 0-0 Bd7 18. Ne4 Be7 19. Rfd1 Bc6 20. Nd6+ Bxd6 21. Rxd6 Ke7 22. Rd2 Rad8 23. Rc2 Rd4 24. g3 Rhd8 25. Kf2 Rd2 26. Rac1 Be4 27. Rxd2 Rxd2 28. Ke3 Rxb2 29. Rc7+ Kf6 30. Bh5 Bg6 31. Bxg6 Kxg6 32. a4 a6 33. h4 Rb4 34. a5 Rb5 35. g4 Rxa5 36. Rxb7 h5 37. g5 Ra1 38. Kf3 a5 39. Ra7 a4 40. Kg2 a3 41. Ra4 a2 42. Ra7 Kf5 43. Rxf7+ Kg4 44. Ra7 Kxh4 45. Ra4 Kg4 46. Kh2 h4 47. Kg2 h3+ 48. Kh2 g6 49. f5+ Kxf5 50. Ra5+ e5 51. Ra3 Kxg5 52. Rg3+ Kf5 53. Rf3+ Ke4 54. Ra3 Kd5 55. Ra5+ Kc4 0-1

[Event "ROM-ch U18"]
[Site "Calimanesti"]
[Date "2013.04.02"]
[Round "1"]
[White "Szijarto, Norbert Ludwig"]
[Black "Munteanu, Ali Eduard"]
[Result "0-1"]
[WhiteElo "1650"]
[BlackElo "1982"]
[PlyCount "130"]
[EventDate "2013.04.02"]
[EventType "swiss"]
[EventRounds "9"]
[EventCountry "ROU"]
[SourceTitle "CBM 153 Extra"]
[Source "ChessBase"]
[SourceDate "2013.04.22"]
[SourceVersion "1"]
[SourceVersionDate "2013.04.22"]
[SourceQuality "1"]

1. e4 c5 2. Nf3 d6 3. d4 cxd4 4. Nxd4 Nf6 5. Nc3 a6 6. f3 e5 7. Nb3 Be6 8. Be3 Be7 9. Qd2 Nbd7 10. Be2 0-0 11. 0-0 b5 12. Rad1 Qc7 13. Kh1 Rfc8 14. a3 Nb6 15. Bxb6 Qxb6 16. Nd5 Nxd5 17. exd5 Bf5 18. Bd3 Bxd3 19. Qxd3 Rc4 20. c3 Rf8 21. Nd2 Rh4 22. Ne4 f5 23. Ng3 g6 24. Rde1 Bg5 25. h3 Rc4 26. Ne2 Qe3 27. Nc1 Qxd3 28. Nxd3 a5 29. g3 Bf6 30. g4 Kf7 31. Nc1 Bd8 32. Nd3 Bb6 33. Kg2 Kf6 34. Re2 h5 35. Kg3 Rh8 36. f4 e4 37. g5+ Kf7 38. Nc1 Rhc8 39. Rd1 Ba7 40. Nb3 Bb6 41. Nd2 R4c7 42. Nb3 Rh8 43. Nd4 Bxd4 44. Rxd4 Rc5 45. Kf2 Rhc8 46. h4 Rc4 47. Red2 Ke7 48. Ke3 Kd7 49. Rd1 R8c7 50. Rxc4 Rxc4 51. Rd2 Kc7 52. Rc2 b4 53. axb4 axb4 54. Kd2 bxc3+ 55. bxc3 Rc5 56. c4 Ra5 57. Rc3 Ra2+ 58. Ke1 Rh2 59. c5 Rxh4 60. cxd6+ Kxd6 61. Rc6+ Kxd5 62. Rxg6 Rxf4 63. Rh6 Rg4 64. Rxh5 Ke5 65. Kf2 Kf4 0-1

[Event "ROM-ch U12 Boys"]
[Site "Voineasa"]
[Date "2008.04.16"]
[Round "7"]
[White "Enache, Valentin"]
[Black "Szijarto, Norbert Ludwig"]
[Result "1/2-1/2"]
[WhiteElo "639"]
[BlackElo "422"]
[PlyCount "106"]
[EventDate "2008.04.08"]
[EventType "swiss"]
[EventRounds "9"]
[EventCountry "ROU"]
[SourceTitle "EXT 2013"]
[Source "ChessBase"]
[SourceDate "2012.11.22"]
[SourceVersion "1"]
[SourceVersionDate "2012.11.22"]
[SourceQuality "1"]

1. e4 c5 2. Nf3 Nc6 3. d4 cxd4 4. Nxd4 g6 5. Be3 Bg7 6. Nxc6 bxc6 7. Bd4 e5 8. Bc3 d5 9. Nd2 Ne7 10. Be2 0-0 11. 0-0 Be6 12. b3 d4 13. Bb2 c5 14. Bc4 Qd7 15. Bxe6 Qxe6 16. Nf3 Rfe8 17. Re1 Rad8 18. Qd3 Rd7 19. Rad1 Nc6 20. a3 Nd8 21. h3 Qe7 22. Re2 Ne6 23. Bc1 Bf6 24. Kh1 Bg5 25. Nxg5 Nxg5 26. Qg3 f6 27. Bxg5 fxg5 28. Rd3 Rf8 29. Rf3 Rxf3 30. Qxf3 Qf7 31. Qg4 Qe7 32. Rd2 h5 33. Qe2 Qe6 34. Qb5 g4 35. Rd3 g5 36. Qxc5 Rf7 37. Kg1 Qf6 38. Rd2 g3 39. Qc8+ Kg7 40. Qf5 Qxf5 41. exf5 Rxf5 42. fxg3 g4 43. Rf2 Rxf2 44. Kxf2 Kf6 45. Ke2 e4 46. Kd2 Ke5 47. h4 a5 48. Ke2 Kd5 49. Kd2 Kc5 50. c3 d3 51. a4 Kd5 52. Ke3 Kc5 53. Kd2 Kd5 1/2-1/2

[Event "ROM-ch U12 Boys"]
[Site "Voineasa"]
[Date "2008.04.14"]
[Round "4"]
[White "Radu, Adrian Costin"]
[Black "Szijarto, Norbert Ludwig"]
[Result "1-0"]
[WhiteElo "625"]
[BlackElo "422"]
[PlyCount "29"]
[EventDate "2008.04.08"]
[EventType "swiss"]
[EventRounds "9"]
[EventCountry "ROU"]
[SourceTitle "EXT 2013"]
[Source "ChessBase"]
[SourceDate "2012.11.22"]
[SourceVersion "1"]
[SourceVersionDate "2012.11.22"]
[SourceQuality "1"]

1. e4 c5 2. Nf3 Nc6 3. d4 cxd4 4. Nxd4 g6 5. Nc3 Bg7 6. Be3 d6 7. Bc4 e5 8. Ndb5 Bf8 9. Nd5 Rb8 10. Ndc7+ Ke7 11. Qd5 Kd7 12. Qxf7+ Qe7 13. Be6+ Kd8 14. Bg5 Nf6 15. Bxf6 1-0